<?xml version="1.0" encoding="UTF-8"?>
<record
    xmlns:xsi="http://www.w3.org/2001/XMLSchema-instance"
    xsi:schemaLocation="http://www.loc.gov/MARC21/slim http://www.loc.gov/standards/marcxml/schema/MARC21slim.xsd"
    xmlns="http://www.loc.gov/MARC21/slim">

  <leader>03102nas a22005897a 4500</leader>
  <controlfield tag="003">CHAP</controlfield>
  <controlfield tag="005">20220329143427.0</controlfield>
  <controlfield tag="008">001017             r pernn   0   b1Eng d</controlfield>
  <datafield tag="010" ind1=" " ind2=" ">
    <subfield code="a">96427</subfield>
  </datafield>
  <datafield tag="011" ind1=" " ind2=" ">
    <subfield code="a">97399</subfield>
  </datafield>
  <datafield tag="022" ind1=" " ind2=" ">
    <subfield code="a">0140-1963</subfield>
  </datafield>
  <datafield tag="035" ind1=" " ind2=" ">
    <subfield code="a">108067</subfield>
  </datafield>
  <datafield tag="040" ind1=" " ind2=" ">
    <subfield code="c">CHAP</subfield>
  </datafield>
  <datafield tag="245" ind1="0" ind2="0">
    <subfield code="a">Journal of Arid Environment</subfield>
  </datafield>
  <datafield tag="260" ind1="0" ind2=" ">
    <subfield code="a">Orlando, Fl:</subfield>
    <subfield code="b">Elsevier</subfield>
    <subfield code="c">19-</subfield>
  </datafield>
  <datafield tag="300" ind1=" " ind2=" ">
    <subfield code="a">v.</subfield>
  </datafield>
  <datafield tag="310" ind1=" " ind2=" ">
    <subfield code="a">mensual</subfield>
  </datafield>
  <datafield tag="362" ind1=" " ind2=" ">
    <subfield code="a">v.73 n.2,2009</subfield>
  </datafield>
  <datafield tag="590" ind1=" " ind2=" ">
    <subfield code="a">BATCH-UPD</subfield>
    <subfield code="b">10</subfield>
    <subfield code="c">20130110</subfield>
    <subfield code="l">UCH01</subfield>
    <subfield code="h">0812</subfield>
  </datafield>
  <datafield tag="590" ind1=" " ind2=" ">
    <subfield code="a">BATCH-UPD</subfield>
    <subfield code="b">10</subfield>
    <subfield code="c">20130410</subfield>
    <subfield code="l">UCH01</subfield>
    <subfield code="h">0449</subfield>
  </datafield>
  <datafield tag="590" ind1=" " ind2=" ">
    <subfield code="a">BATCH-UPD</subfield>
    <subfield code="b">10</subfield>
    <subfield code="c">20130914</subfield>
    <subfield code="l">UCH01</subfield>
    <subfield code="h">2000</subfield>
  </datafield>
  <datafield tag="590" ind1=" " ind2=" ">
    <subfield code="a">CONVERSION</subfield>
    <subfield code="b">10</subfield>
    <subfield code="c">20130109</subfield>
    <subfield code="l">UCH01</subfield>
    <subfield code="h">1353</subfield>
  </datafield>
  <datafield tag="650" ind1="0" ind2="4">
    <subfield code="a">Regiones &#xE1;ridas</subfield>
    <subfield code="x">Publicaciones peri&#xF3;dicas.</subfield>
    <subfield code="9">95688</subfield>
  </datafield>
  <datafield tag="852" ind1=" " ind2="2">
    <subfield code="y">ISSUE</subfield>
    <subfield code="d">2012-12-17</subfield>
    <subfield code="5">03</subfield>
  </datafield>
  <datafield tag="852" ind1=" " ind2="2">
    <subfield code="y">ISSUE</subfield>
    <subfield code="d">2012-12-17</subfield>
    <subfield code="5">03</subfield>
  </datafield>
  <datafield tag="852" ind1=" " ind2="2">
    <subfield code="y">ISSUE</subfield>
    <subfield code="d">2012-12-17</subfield>
    <subfield code="5">03</subfield>
  </datafield>
  <datafield tag="852" ind1=" " ind2="2">
    <subfield code="y">ISSUE</subfield>
    <subfield code="d">2012-12-17</subfield>
    <subfield code="5">03</subfield>
  </datafield>
  <datafield tag="852" ind1=" " ind2="2">
    <subfield code="y">ISSUE</subfield>
    <subfield code="d">2012-12-17</subfield>
    <subfield code="5">03</subfield>
  </datafield>
  <datafield tag="852" ind1=" " ind2="2">
    <subfield code="y">ISSUE</subfield>
    <subfield code="d">2012-12-17</subfield>
    <subfield code="5">03</subfield>
  </datafield>
  <datafield tag="852" ind1=" " ind2="2">
    <subfield code="y">ISSUE</subfield>
    <subfield code="d">2012-12-17</subfield>
    <subfield code="5">03</subfield>
  </datafield>
  <datafield tag="852" ind1=" " ind2="2">
    <subfield code="y">ISSUE</subfield>
    <subfield code="d">2012-12-17</subfield>
    <subfield code="5">03</subfield>
  </datafield>
  <datafield tag="852" ind1=" " ind2="2">
    <subfield code="y">ISSUE</subfield>
    <subfield code="d">2012-12-17</subfield>
    <subfield code="5">03</subfield>
  </datafield>
  <datafield tag="852" ind1=" " ind2="2">
    <subfield code="y">ISSUE</subfield>
    <subfield code="d">2012-12-17</subfield>
    <subfield code="5">03</subfield>
  </datafield>
  <datafield tag="852" ind1=" " ind2="2">
    <subfield code="y">ISSUE</subfield>
    <subfield code="d">2012-12-17</subfield>
    <subfield code="5">03</subfield>
  </datafield>
  <datafield tag="852" ind1=" " ind2="2">
    <subfield code="y">ISSUE</subfield>
    <subfield code="d">2012-12-17</subfield>
    <subfield code="5">03</subfield>
  </datafield>
  <datafield tag="866" ind1=" " ind2=" ">
    <subfield code="a">v. 73 n. 1 (January 2009) - v. 73 n. 12 (December 2009)</subfield>
  </datafield>
  <datafield tag="901" ind1=" " ind2=" ">
    <subfield code="a">SE</subfield>
  </datafield>
  <datafield tag="905" ind1=" " ind2=" ">
    <subfield code="a">Araceli Hern&#xE1;ndez G&#xF3;mez.</subfield>
  </datafield>
  <datafield tag="942" ind1=" " ind2=" ">
    <subfield code="c">ISSUE</subfield>
  </datafield>
  <datafield tag="949" ind1=" " ind2=" ">
    <subfield code="b">BC</subfield>
    <subfield code="c">PS</subfield>
    <subfield code="d">203167</subfield>
    <subfield code="e">PS</subfield>
    <subfield code="f">v. 73 n. 1 ( January 2009)</subfield>
    <subfield code="i">108067</subfield>
    <subfield code="j">73</subfield>
    <subfield code="s">n</subfield>
  </datafield>
  <datafield tag="949" ind1=" " ind2=" ">
    <subfield code="b">BC</subfield>
    <subfield code="c">PS</subfield>
    <subfield code="d">203168</subfield>
    <subfield code="e">PS</subfield>
    <subfield code="f">v. 73 n. 2 ( February 2009)</subfield>
    <subfield code="i">108067</subfield>
    <subfield code="j">73</subfield>
    <subfield code="s">n</subfield>
  </datafield>
  <datafield tag="949" ind1=" " ind2=" ">
    <subfield code="b">BC</subfield>
    <subfield code="c">PS</subfield>
    <subfield code="d">203169</subfield>
    <subfield code="e">PS</subfield>
    <subfield code="f">v. 73 n. 3 ( March 2009)</subfield>
    <subfield code="i">108067</subfield>
    <subfield code="j">73</subfield>
    <subfield code="s">n</subfield>
  </datafield>
  <datafield tag="949" ind1=" " ind2=" ">
    <subfield code="b">BC</subfield>
    <subfield code="c">PS</subfield>
    <subfield code="d">203170</subfield>
    <subfield code="e">PS</subfield>
    <subfield code="f">v. 73 n. 4 ( April 2009)</subfield>
    <subfield code="i">108067</subfield>
    <subfield code="j">73</subfield>
    <subfield code="s">n</subfield>
  </datafield>
  <datafield tag="949" ind1=" " ind2=" ">
    <subfield code="b">BC</subfield>
    <subfield code="c">PS</subfield>
    <subfield code="d">203171</subfield>
    <subfield code="e">PS</subfield>
    <subfield code="f">v. 73 n. 5 ( May 2009)</subfield>
    <subfield code="i">108067</subfield>
    <subfield code="j">73</subfield>
    <subfield code="s">n</subfield>
  </datafield>
  <datafield tag="949" ind1=" " ind2=" ">
    <subfield code="b">BC</subfield>
    <subfield code="c">PS</subfield>
    <subfield code="d">203172</subfield>
    <subfield code="e">PS</subfield>
    <subfield code="f">v. 73 n. 6 ( June 2009)</subfield>
    <subfield code="i">108067</subfield>
    <subfield code="j">73</subfield>
    <subfield code="s">n</subfield>
  </datafield>
  <datafield tag="949" ind1=" " ind2=" ">
    <subfield code="b">BC</subfield>
    <subfield code="c">PS</subfield>
    <subfield code="d">203173</subfield>
    <subfield code="e">PS</subfield>
    <subfield code="f">v. 73 n. 7 ( July 2009)</subfield>
    <subfield code="i">108067</subfield>
    <subfield code="j">73</subfield>
    <subfield code="s">n</subfield>
  </datafield>
  <datafield tag="949" ind1=" " ind2=" ">
    <subfield code="b">BC</subfield>
    <subfield code="c">PS</subfield>
    <subfield code="d">203262</subfield>
    <subfield code="e">PS</subfield>
    <subfield code="f">v. 73 n. 8 ( August 2009)</subfield>
    <subfield code="i">108067</subfield>
    <subfield code="j">73</subfield>
    <subfield code="s">n</subfield>
  </datafield>
  <datafield tag="949" ind1=" " ind2=" ">
    <subfield code="b">BC</subfield>
    <subfield code="c">PS</subfield>
    <subfield code="d">203468</subfield>
    <subfield code="e">PS</subfield>
    <subfield code="f">v. 73 n. 9 ( September 2009)</subfield>
    <subfield code="i">108067</subfield>
    <subfield code="j">73</subfield>
    <subfield code="s">n</subfield>
  </datafield>
  <datafield tag="949" ind1=" " ind2=" ">
    <subfield code="b">BC</subfield>
    <subfield code="c">PS</subfield>
    <subfield code="d">203469</subfield>
    <subfield code="e">PS</subfield>
    <subfield code="f">v. 73 n. 10 ( October 2009)</subfield>
    <subfield code="i">108067</subfield>
    <subfield code="j">73</subfield>
    <subfield code="s">n</subfield>
  </datafield>
  <datafield tag="949" ind1=" " ind2=" ">
    <subfield code="b">BC</subfield>
    <subfield code="c">PS</subfield>
    <subfield code="d">203981</subfield>
    <subfield code="e">PS</subfield>
    <subfield code="f">v. 73 n. 12 ( December 2009)</subfield>
    <subfield code="i">108067</subfield>
    <subfield code="j">73</subfield>
    <subfield code="s">n</subfield>
  </datafield>
  <datafield tag="949" ind1=" " ind2=" ">
    <subfield code="b">BC</subfield>
    <subfield code="c">PS</subfield>
    <subfield code="d">204900</subfield>
    <subfield code="e">PS</subfield>
    <subfield code="f">v. 73 n. 11 ( November 2009)</subfield>
    <subfield code="i">108067</subfield>
    <subfield code="j">73</subfield>
    <subfield code="s">n</subfield>
  </datafield>
  <datafield tag="999" ind1=" " ind2=" ">
    <subfield code="c">96427</subfield>
    <subfield code="d">96427</subfield>
  </datafield>
  <datafield tag="952" ind1=" " ind2=" ">
    <subfield code="0">0</subfield>
    <subfield code="1">0</subfield>
    <subfield code="2">local</subfield>
    <subfield code="4">0</subfield>
    <subfield code="5">1</subfield>
    <subfield code="7">0</subfield>
    <subfield code="8">PS</subfield>
    <subfield code="a">BC</subfield>
    <subfield code="b">BC</subfield>
    <subfield code="c">PB_PS</subfield>
    <subfield code="d">2012-12-17</subfield>
    <subfield code="f">ISSUE</subfield>
    <subfield code="l">0</subfield>
    <subfield code="p">203167</subfield>
    <subfield code="r">2019-12-31 00:00:00</subfield>
    <subfield code="t">v. 73 n. 1 ( January 2009)</subfield>
    <subfield code="w">2012-12-17</subfield>
    <subfield code="y">ISSUE</subfield>
    <subfield code="z">Recien adquirido</subfield>
  </datafield>
  <datafield tag="952" ind1=" " ind2=" ">
    <subfield code="0">0</subfield>
    <subfield code="1">0</subfield>
    <subfield code="2">local</subfield>
    <subfield code="4">0</subfield>
    <subfield code="5">1</subfield>
    <subfield code="7">0</subfield>
    <subfield code="8">PS</subfield>
    <subfield code="a">BC</subfield>
    <subfield code="b">BC</subfield>
    <subfield code="c">PB_PS</subfield>
    <subfield code="d">2012-12-17</subfield>
    <subfield code="f">ISSUE</subfield>
    <subfield code="l">0</subfield>
    <subfield code="p">203168</subfield>
    <subfield code="r">2019-12-31 00:00:00</subfield>
    <subfield code="t">v. 73 n. 2 ( February 2009)</subfield>
    <subfield code="w">2012-12-17</subfield>
    <subfield code="y">ISSUE</subfield>
    <subfield code="z">Recien adquirido</subfield>
  </datafield>
  <datafield tag="952" ind1=" " ind2=" ">
    <subfield code="0">0</subfield>
    <subfield code="1">0</subfield>
    <subfield code="2">local</subfield>
    <subfield code="4">0</subfield>
    <subfield code="5">1</subfield>
    <subfield code="7">0</subfield>
    <subfield code="8">PS</subfield>
    <subfield code="a">BC</subfield>
    <subfield code="b">BC</subfield>
    <subfield code="c">PB_PS</subfield>
    <subfield code="d">2012-12-17</subfield>
    <subfield code="f">ISSUE</subfield>
    <subfield code="l">0</subfield>
    <subfield code="p">203169</subfield>
    <subfield code="r">2019-12-31 00:00:00</subfield>
    <subfield code="t">v. 73 n. 3 ( March 2009)</subfield>
    <subfield code="w">2012-12-17</subfield>
    <subfield code="y">ISSUE</subfield>
    <subfield code="z">Recien adquirido</subfield>
  </datafield>
  <datafield tag="952" ind1=" " ind2=" ">
    <subfield code="0">0</subfield>
    <subfield code="1">0</subfield>
    <subfield code="2">local</subfield>
    <subfield code="4">0</subfield>
    <subfield code="5">1</subfield>
    <subfield code="7">0</subfield>
    <subfield code="8">PS</subfield>
    <subfield code="a">BC</subfield>
    <subfield code="b">BC</subfield>
    <subfield code="c">PB_PS</subfield>
    <subfield code="d">2012-12-17</subfield>
    <subfield code="f">ISSUE</subfield>
    <subfield code="l">0</subfield>
    <subfield code="p">203170</subfield>
    <subfield code="r">2019-12-31 00:00:00</subfield>
    <subfield code="t">v. 73 n. 4 ( April 2009)</subfield>
    <subfield code="w">2012-12-17</subfield>
    <subfield code="y">ISSUE</subfield>
    <subfield code="z">Recien adquirido</subfield>
  </datafield>
  <datafield tag="952" ind1=" " ind2=" ">
    <subfield code="0">0</subfield>
    <subfield code="1">0</subfield>
    <subfield code="2">local</subfield>
    <subfield code="4">0</subfield>
    <subfield code="5">1</subfield>
    <subfield code="7">0</subfield>
    <subfield code="8">PS</subfield>
    <subfield code="a">BC</subfield>
    <subfield code="b">BC</subfield>
    <subfield code="c">PB_PS</subfield>
    <subfield code="d">2012-12-17</subfield>
    <subfield code="f">ISSUE</subfield>
    <subfield code="l">0</subfield>
    <subfield code="p">203171</subfield>
    <subfield code="r">2019-12-31 00:00:00</subfield>
    <subfield code="t">v. 73 n. 5 ( May 2009)</subfield>
    <subfield code="w">2012-12-17</subfield>
    <subfield code="y">ISSUE</subfield>
    <subfield code="z">Recien adquirido</subfield>
  </datafield>
  <datafield tag="952" ind1=" " ind2=" ">
    <subfield code="0">0</subfield>
    <subfield code="1">0</subfield>
    <subfield code="2">local</subfield>
    <subfield code="4">0</subfield>
    <subfield code="5">1</subfield>
    <subfield code="7">0</subfield>
    <subfield code="8">PS</subfield>
    <subfield code="a">BC</subfield>
    <subfield code="b">BC</subfield>
    <subfield code="c">PB_PS</subfield>
    <subfield code="d">2012-12-17</subfield>
    <subfield code="f">ISSUE</subfield>
    <subfield code="l">0</subfield>
    <subfield code="p">203172</subfield>
    <subfield code="r">2019-12-31 00:00:00</subfield>
    <subfield code="t">v. 73 n. 6 ( June 2009)</subfield>
    <subfield code="w">2012-12-17</subfield>
    <subfield code="y">ISSUE</subfield>
    <subfield code="z">Recien adquirido</subfield>
  </datafield>
  <datafield tag="952" ind1=" " ind2=" ">
    <subfield code="0">0</subfield>
    <subfield code="1">0</subfield>
    <subfield code="2">local</subfield>
    <subfield code="4">0</subfield>
    <subfield code="5">1</subfield>
    <subfield code="7">0</subfield>
    <subfield code="8">PS</subfield>
    <subfield code="a">BC</subfield>
    <subfield code="b">BC</subfield>
    <subfield code="c">PB_PS</subfield>
    <subfield code="d">2012-12-17</subfield>
    <subfield code="f">ISSUE</subfield>
    <subfield code="l">0</subfield>
    <subfield code="p">203173</subfield>
    <subfield code="r">2019-12-31 00:00:00</subfield>
    <subfield code="t">v. 73 n. 7 ( July 2009)</subfield>
    <subfield code="w">2012-12-17</subfield>
    <subfield code="y">ISSUE</subfield>
    <subfield code="z">Recien adquirido</subfield>
  </datafield>
  <datafield tag="952" ind1=" " ind2=" ">
    <subfield code="0">0</subfield>
    <subfield code="1">0</subfield>
    <subfield code="2">local</subfield>
    <subfield code="4">0</subfield>
    <subfield code="5">1</subfield>
    <subfield code="7">0</subfield>
    <subfield code="8">PS</subfield>
    <subfield code="a">BC</subfield>
    <subfield code="b">BC</subfield>
    <subfield code="c">PB_PS</subfield>
    <subfield code="d">2012-12-17</subfield>
    <subfield code="f">ISSUE</subfield>
    <subfield code="l">0</subfield>
    <subfield code="p">203262</subfield>
    <subfield code="r">2019-12-31 00:00:00</subfield>
    <subfield code="t">v. 73 n. 8 ( August 2009)</subfield>
    <subfield code="w">2012-12-17</subfield>
    <subfield code="y">ISSUE</subfield>
    <subfield code="z">Recien adquirido</subfield>
  </datafield>
  <datafield tag="952" ind1=" " ind2=" ">
    <subfield code="0">0</subfield>
    <subfield code="1">0</subfield>
    <subfield code="2">local</subfield>
    <subfield code="4">0</subfield>
    <subfield code="5">1</subfield>
    <subfield code="7">0</subfield>
    <subfield code="8">PS</subfield>
    <subfield code="a">BC</subfield>
    <subfield code="b">BC</subfield>
    <subfield code="c">PB_PS</subfield>
    <subfield code="d">2012-12-17</subfield>
    <subfield code="f">ISSUE</subfield>
    <subfield code="l">0</subfield>
    <subfield code="p">203468</subfield>
    <subfield code="r">2019-12-31 00:00:00</subfield>
    <subfield code="t">v. 73 n. 9 ( September 2009)</subfield>
    <subfield code="w">2012-12-17</subfield>
    <subfield code="y">ISSUE</subfield>
    <subfield code="z">Recien adquirido</subfield>
  </datafield>
  <datafield tag="952" ind1=" " ind2=" ">
    <subfield code="0">0</subfield>
    <subfield code="1">0</subfield>
    <subfield code="2">local</subfield>
    <subfield code="4">0</subfield>
    <subfield code="5">1</subfield>
    <subfield code="7">0</subfield>
    <subfield code="8">PS</subfield>
    <subfield code="a">BC</subfield>
    <subfield code="b">BC</subfield>
    <subfield code="c">PB_PS</subfield>
    <subfield code="d">2012-12-17</subfield>
    <subfield code="f">ISSUE</subfield>
    <subfield code="l">0</subfield>
    <subfield code="p">203469</subfield>
    <subfield code="r">2019-12-31 00:00:00</subfield>
    <subfield code="t">v. 73 n. 10 ( October 2009)</subfield>
    <subfield code="w">2012-12-17</subfield>
    <subfield code="y">ISSUE</subfield>
    <subfield code="z">Recien adquirido</subfield>
  </datafield>
  <datafield tag="952" ind1=" " ind2=" ">
    <subfield code="0">0</subfield>
    <subfield code="1">0</subfield>
    <subfield code="2">local</subfield>
    <subfield code="4">0</subfield>
    <subfield code="5">1</subfield>
    <subfield code="7">0</subfield>
    <subfield code="8">PS</subfield>
    <subfield code="a">BC</subfield>
    <subfield code="b">BC</subfield>
    <subfield code="c">PB_PS</subfield>
    <subfield code="d">2012-12-17</subfield>
    <subfield code="f">ISSUE</subfield>
    <subfield code="l">0</subfield>
    <subfield code="p">203981</subfield>
    <subfield code="r">2019-12-31 00:00:00</subfield>
    <subfield code="t">v. 73 n. 12 ( December 2009)</subfield>
    <subfield code="w">2012-12-17</subfield>
    <subfield code="y">ISSUE</subfield>
    <subfield code="z">Recien adquirido</subfield>
  </datafield>
  <datafield tag="952" ind1=" " ind2=" ">
    <subfield code="0">0</subfield>
    <subfield code="1">0</subfield>
    <subfield code="2">local</subfield>
    <subfield code="4">0</subfield>
    <subfield code="5">1</subfield>
    <subfield code="7">0</subfield>
    <subfield code="8">PS</subfield>
    <subfield code="a">BC</subfield>
    <subfield code="b">BC</subfield>
    <subfield code="c">PB_PS</subfield>
    <subfield code="d">2012-12-17</subfield>
    <subfield code="f">ISSUE</subfield>
    <subfield code="l">0</subfield>
    <subfield code="p">204900</subfield>
    <subfield code="r">2019-12-31 00:00:00</subfield>
    <subfield code="t">v. 73 n. 11 ( November 2009)</subfield>
    <subfield code="w">2012-12-17</subfield>
    <subfield code="y">ISSUE</subfield>
    <subfield code="z">Recien adquirido</subfield>
  </datafield>
</record>
